00691 2200265 4500001002100000005001700021008004100038035002400079082001300103090001800116245006900134250001100203260002900214300001800243650003000261700002600291850001200317980001500329985000600344999001500350999001500365999001500380999001500395999001500410YOGYA-0209000006472620090227040330.0 ind  0010-020900000064726 a899.2313 a899.2313bNid aNI DIAH Tantricoleh aksara dan alih bahasa I Gusti Ngurah Bagus aCet. 1 aJakartabDepdikbudc1980 a226 hlmc22 m aKesasteraan Bali - Cerita aBagus, I Gusti Ngurah aYOPDYOG a19-08-2008 a5 aa000057111 aa000057108 aa000057110 aa000058182 aa000058183